Flaggen der Regionen Spaniens - Banderas en España - Statistiken

Allgemein
  • Dieses Quiz wurde 124 mal gespielt
  • Das Durchschnittsergebnis liegt bei 12 aus 19
Antwortstatistiken
Bildquiz Antwort % Korrekt
Katalonien - Cataluña - Catalunya
90%
Baskenland - País Vasco
87%
Madrid
81%
Valencia
79%
Kanarische Inseln - Islas Canarias
76%
Andalusien - Andalucía
75%
Balearische Inseln - Islas Baleares
74%
Galicien - Galicia
70%
Kastilien-La Mancha - Castilla La Mancha
63%
Aragonien - Aragón
60%
Kastilien León - Castilla y León
60%
Extremadura
58%
Murcia
56%
Asturien - Asturias
55%
La Rioja
49%
Navarra
48%
Ceuta
42%
Kantabrien - Cantabria
39%
Melilla
31%
Keine übereinstimmenden Quizze gefunden
Verteilung der Resultate
Anzahl Personen mit jedem Resultat
Perzentil nach korrekt beantworteten Fragen
Ihre Resultats-Entwicklung
Sie haben dieses Quiz noch nicht gespielt